| 000 -ლიდერი |
| ფიქსირებული სიგრძის საკონტროლო ველი |
01993nam a2200301Ia 4500 |
| 001 - საკონტროლო ნომერი |
| საკონტროლო ველი |
22767 |
| 003 - საკონტროლო ნომრის იდენტიფიკატორი |
| საკონტროლო ველი |
GE_BSU |
| 005 - ბოლო ოპერაციის თარიღი და დრო |
| საკონტროლო ველი |
20230518114731.0 |
| 008 - ფიქსირებული სიგრძის მონაცემთა ელემენტები - ზოგადი ინფორმაცია |
| ფიქსირებული სიგრძის საკონტროლო ველი |
181216s2017||||ge |||||||||||||| ||geo|| |
| 020 ## - წიგნის საერთაშორისო სტანდარტული ნომერი |
| International Standard Book Number |
9789941260285 |
| 040 ## - კატალოგიზაციის წყარო |
| Transcribing agency |
GE_BSU |
| 041 ## - ენის კოდი |
| Language code of text/sound track or separate title |
geo |
| 080 ## - უნივერსალური ათობითი კლასიფიკაციის ინდექსი |
| Universal Decimal Classification number |
821.222.5-1 მ-30 |
| 245 ## - ცნობა სათაურის შესახებ |
| Title |
მარგალიტის საიდუმლო : |
| Remainder of title |
ეზიდური საკრალური პოეზია / |
| Statement of responsibility, etc |
[დიმიტრი ფირბარი, დიმიტრი შჩედროვიცკი] ; მთარგმნელი დათო ბარბაქაძე ; რედაქტორი ზურაბ კიკნაძე. |
| 264 ## - წარმოების, გამოცემის, დისტრიბუციის და სხვა ცნობები |
| გამოცემის, წარმოების, დისტრიბუციის... ადგილი |
თბილისი : |
| გამოცემის, წარმოების, დისტრიბუციის... სახელწოდება |
უნივერსალი, |
| გამოცემის, წარმოების, დისტრიბუციის... თარიღი |
201.7 |
| 300 ## - ფიზიკური აღწერა |
| Extent |
257 გვ. ; |
| Dimensions |
20 სმ. |
| 500 ## - ზოგადი შენიშვნა |
| General note |
ეძღვნება 2014 წელს შანგალის გენოციდის შედეგად დაღუპული ეზიდების ხსოვნას |
| 520 ## - SUMMARY, ETC. |
| Summary, etc |
რეზიუმე ინგლისურ ენაზე |
| 653 ## - INDEX TERM--UNCONTROLLED |
| Uncontrolled term |
მარგალიტის საიდუმლო |
| 653 ## - INDEX TERM--UNCONTROLLED |
| Uncontrolled term |
ეზიდური საკრალური პოეზია |
| 700 ## - ADDED ENTRY--PERSONAL NAME |
| Personal name |
ფირბარი, დიმიტრი |
| Relator term |
ავტორი |
| 9 (RLIN) |
18111 |
| 700 ## - ADDED ENTRY--PERSONAL NAME |
| Personal name |
შჩედროვიცკი, დიმიტრი |
| Relator term |
ავტორი |
| 9 (RLIN) |
18112 |
| 700 ## - ADDED ENTRY--PERSONAL NAME |
| Personal name |
ბარბაქაძე, დათო |
| Relator term |
მთარგმნელი |
| 9 (RLIN) |
18113 |
| 700 ## - ADDED ENTRY--PERSONAL NAME |
| Personal name |
კიკნაძე,ზურაბ |
| Relator term |
რედაქტორი |
| 9 (RLIN) |
18114 |
| 710 ## - ADDED ENTRY--CORPORATE NAME |
| Corporate name or jurisdiction name as entry element |
გიორგი წერეთლის აღმოსავლეთმცოდნეობის ინსტიტუტი |
| Subordinate unit |
ეზიდური კვლევების ცენტრი |
| Relator term |
ეზიდთა სასულიერო საბჭო საქართველოში |
| 9 (RLIN) |
18115 |
| 942 ## - ADDED ENTRY ELEMENTS (KOHA) |
| Koha item type |
წიგნი |
| Source of classification or shelving scheme |
|